Les films cultes - Statistiques

Statistiques générales
  • Ce quiz a été pris 572 fois
  • Le résultat moyen est 11 sur 51
Statistiques - réponses
Année de sortie en France ou à l'étrangers Réalisateur Films % Correct
1994 Quentin Tarantino Pulp Fiction
80%
1972 Stanley Kubrick Orange mécanique
52%
1988 Luc Besson Le Grand Bleu
51%
1999 David Fincher Fight Club
49%
1992 Quentin Tarantino Reservoir Dogs
49%
1979 Ridley Scott Alien, le huitième passager
47%
1997 Luc Besson Le Cinquième Élément
45%
1991 Tim Burton Edward aux mains d'argent
41%
1984 Brian De Palma Scarface
40%
1979 Francis Ford Coppola Apocalypse Now
33%
1978 Patrice Leconte Les Bronzés
28%
1993 Jean-Marie Poiré Les Visiteurs
26%
2000 Guy Ritchie Snatch : Tu braques ou tu raques
26%
1992 Benoît Poelvoorde, Rémy Belvaux, André Bonzel C'est arrivé près de chez vous
25%
1982 Ridley Scott Blade Runner
24%
2004 Park Chan-wook Old Boy
22%
1982 John Carpenter The Thing
22%
1979 Patrice Leconte Les bronzés font du ski
21%
1998 Joel Coen, Ethan Coen The Big Lebowski
21%
1970 George A. Romero La Nuit des morts-vivants
19%
2001 Darren Aronofsky Requiem for a Dream
19%
2005 Frank Miller, Robert Rodriguez, Quentin Tarantino Sin City
19%
1985 Terry Gilliam Brazil
18%
2004 Michel Gondry Eternal Sunshine of the Spotless Mind
18%
1974 William Friedkin L'Exorciste
18%
1963 Georges Lautner Les Tontons flingueurs
17%
1974 Bertrand Blier Les Valseuses
17%
1986 Tony Scott Top Gun
17%
1996 Danny Boyle Trainspotting
17%
1969 (Suède) Dennis Hopper Easy Rider
15%
2005 Edgar Wright Shaun of the Dead
15%
1984 Joe Dante Gremlins
14%
1956 Charles Laughton, Robert Mitchum, Terry Sanders La Nuit du chasseur
14%
1982 Jean-Marie Poiré Le père Noel est une ordure
13%
1996 Robert Rodriguez Une nuit en enfer
12%
1975 Terry Gilliam, Terry Jones Monty Python : Sacré Graal !
11%
1980 David Lynch Eraserhead
10%
2010 Edgar Wright Scott Pilgrim
10%
1994 Alain Berberian La Cité de la peur
8%
1970 Alejandro Jodorowsky El Topo
7%
1998 Terry Gilliam Las Vegas Parano
6%
1985 Richard Donner Les Goonies
6%
1975 Brian De Palma Phantom of the Paradise
6%
1991 Joel Coen, Ethan Coen Barton Fink
5%
1987 Emile Ardolino Dirty Dancing
5%
2001 (Etats-Unis) Richard Kelly Donnie Darko
5%
2007 (Russie) Robert Rodriguez, Quentin Tarantino Planète Terreur
5%
2001 Kinji Fukasaku Battle Royale
4%
1981 John Carpenter New York 1997
4%
1974 Richard Fleischer Soleil vert
3%
1975 ( Royaume-Uni ) Jim Sharman The Rocky Horror Picture Show
1%
Aucun quiz correspondant
Distribution des résultats
% des personnes avec chaque résultat
Percentile par nombre de réponses
Votre historique - résultats
Vous n’avez pas pris ce quiz